LIBRARY OF CONGRESS SUBJECT HEADING (Record no. 206778)
[ view plain ]
| 000 -LEADER | |
|---|---|
| fixed length control field | 00338nam a2200133Ia 4500 |
| 003 - CONTROL NUMBER IDENTIFIER | |
| control field | OSt |
| 005 - DATE AND TIME OF LATEST TRANSACTION | |
| control field | 20240404093433.0 |
| 020 ## - INTERNATIONAL STANDARD BOOK NUMBER | |
| International Standard Book Number | 978-1-56024-003-7 |
| 040 ## - CATALOGING SOURCE | |
| Transcribing agency | LCC |
| 050 ## - LIBRARY OF CONGRESS CALL NUMBER | |
| Classification number | Z 695 .Z8 S781990 |
| 100 ## - MAIN ENTRY--PERSONAL NAME | |
| Personal name | STUDWELL,WILLIAM E. |
| 245 #0 - TITLE STATEMENT | |
| Title | LIBRARY OF CONGRESS SUBJECT HEADING |
| Remainder of title | PHILOSOPHY, PRACTICE AND PROSPECTS |
| 942 ## - ADDED ENTRY ELEMENTS (KOHA) | |
| Koha item type | Long Loan Book |
| Source of classification or shelving scheme | Dewey Decimal Classification |
| Withdrawn status | Lost status | Source of classification or shelving scheme | Damaged status | Not for loan | Collection | Home library | Current library | Date acquired | Inventory number | Total checkouts | Full call number | Barcode | Date last seen | Copy number | Price effective from | Koha item type |
|---|---|---|---|---|---|---|---|---|---|---|---|---|---|---|---|---|
| Library of Congress Classification | Reserve | Kisii University Library | Kisii University Library | 09/15/2023 | 35809 | Z 695.Z8 S78 1990 | 043689 | 09/15/2023 | C.2 | 09/15/2023 | Short Loan Book | |||||
| Library of Congress Classification | Reserve | Kisii University Library | Kisii University Library | 04/04/2024 | 35810 | Z 695.Z8 S78 1990 | 001085 | 04/04/2024 | C.3 | 04/04/2024 | Short Loan Book |